000 00917nam a2200265 a 4500
001 1047
003 BR-CuiBMT
005 20231128135143.0
008 231127s2018 mgba 000 0 por d
020 _a9788545005247
040 _aBR-CuiBMT
_cBR-CuiBMT
080 _22007
_a351.712.2.02
090 _a351.712.2.02
_bS237c
_c2. ed.
100 1 _aSantos, Franklin Brasil
245 _aComo combater a corrupção em licitações :
_bdetecção e prevenção de fraudes /
_cFranklin Brasil Santos, Kleberson Roberto de Souza ; prefácio, Mário Vinícius Claussen Spinelli.
250 _a2. ed. rev. e ampl.
260 _aBelo Horizonte :
_bFórum,
_c2018.
300 _a170 p.:
_bil.
_c30 cm
504 _aInclui bibliografia.
650 _aLicitação pública
650 _aCrime contra a administração pública
650 _aCorrupção passiva
700 _aSouza, Kleberson Roberto de
942 _2udc
_cLV
999 _c1047
_d1047